1960 1500 1828 1922 1767 1602 1961 1969 1455 1842 1570 1411 1976 1032 1336 1081 1699 1970 1078 1987 1085 1482 1077 1427 1061 1258 1794 1972 1981 1586 1167 1613 1249 1392 1474 1172 1968 1606 1104 1578 1302 1797 1506 1866 1771 1804 1118 1804 2000 1696 1575 1032 1523 1587 1671 1793 1001 1069 1356 1994 1386 1065 1214 1873 1064 1687 1438 1181 1357 1588 1933 1001 1969 1441 1005 1452 1232 1897 1386 1660 1339 1090 1065 1737 1039 1451 1705 1907 1523 1998 1782 1921 1968 1461 1587 1805 1466 1703 1166 BCNSPRNW ULIB Ver.6.0+V

เปลี่ยนเป็นภาษาไทย

Change to English
 แสดงรายละเอียดบรรณานุกรม
  กลับหน้าหลัก

Brief Record : Get Marc (ISO 2709) : E-mail record : QR code < ปิดหน้าต่าง
LEADER : 00000nam 2200000uu 4500
001    13399107878
003     ULIB
008    110209s2544||||th 000 0 tha d
020    9745728721
060 04 WY162^bง311 2544
245 00 งานการพยาบาลห้องผ่าตัด :^bผู้ป่วยผาตัดปลูกถ่ายอวัยวะ /^cบรรณาธิการ, สุจิตรา รอดสว่าง
260    กรุงเทพฯ :^bโรงพิมพ์มหาวิทยาลัยธรรมศาสตร์,^c2544
300    77 หน้า :^bภาพประกอบ ;^c30 ซม.
650  7 การพยาบาลทางห้องผ่าตัด
650  7 การพยาบาลศัลยศาสตร์
650  7 การปลูกถ่ายอวัยวะ
700 0  สุจิตรา รอดสว่าง,^eบรรณาธิการ
945    ^p150^l0^i016881
945    ^p150^l0^i016332
945    ^p150^l0^i016330
945    ^p150^l0^i016331
995    เกษร
999 ^a ใช้งานได้ทุกระบบ
รายการนี้ยังไม่มีแท็ก
คุณยังไม่ได้ล็อกอิน คุณสามารถมีกิจกรรมร่วมกับเว็บไซต์ได้ แต่ต้องล็อกอินก่อน ::
  ล็อกอิน

รายการสื่อสารสนเทศ

ลำดับที่ ประเภท เลขเรียก/บาร์โค้ด สถานที่ สถานะ
- ไม่พบข้อมูล -

รายการใกล้เคียง
    หัวเรื่อง [การพยาบาลทางห้องผ่าตัด]
    หัวเรื่อง [การพยาบาลศัลยศาสตร์]

BibComment


ยังไม่เคยถูกคอมเมนท์

คอมเมนท์ทรัพยากรรายการนี้
  คอมเมนท์: งานการพยาบาลห้องผ..


 Copyright 2026. Bcnsprnw @Library